| 000 | 00588cab a22002055a 4500 | ||
|---|---|---|---|
| 001 | L154264 | ||
| 008 | 111108s2011 xxka f 000 0 eng d | ||
| 035 | _a(Sirsi) u154264 | ||
| 041 | 0 | _aeng | |
| 100 | _aHorne, Rob | ||
| 245 | 0 | 0 | _aTendering and cost control |
| 260 | _c2011 | ||
| 490 |
_aCivil Engineering Surveyor _vNovember 2011, 34(1) |
||
| 520 | _aDiscusses various aspects including variations, delay and quantification. | ||
| 590 | _aKA | ||
| 651 | 4 |
_aUnited Kingdom _y |
|
| 690 |
_aProcurement _96260 |
||
| 690 | _aBUILT ENVIRONMENT-CONSTRUCTION MANAGEMENT | ||
| 942 | _n0 | ||
| 999 |
_c83549 _d83549 |
||